Loading...
Practical tourism research /
| Main Author: | |
|---|---|
| Format: | Printed Book |
| Language: | English |
| Published: |
Cambridge,
CABI,
2010.
|
| LEADER | 00529nam a22001457a 4500 | ||
|---|---|---|---|
| 008 | 170419b xxu||||| |||| 00| 0 eng d | ||
| 999 | |c 163332 |d 163332 | ||
| 020 | |a 9781845936327 | ||
| 082 | |a 338.4791072 | ||
| 100 | |a Smith, Stephen L. J. | ||
| 245 | |a Practical tourism research / |c Stephen L. J. Smith | ||
| 260 | |b CABI, |c 2010. |a Cambridge, | ||
| 300 | |a viii, 259 p. | ||
| 942 | |c BK | ||
| 952 | |0 0 |1 0 |4 0 |6 338_479107200000000_SMI_P |7 0 |9 179446 |a CMS |b CMS |c ST1 |d 2017-04-19 |i 12305 |l 1 |o 338.4791072 SMI/P |p CMS12305 |r 2017-12-01 |s 2017-07-20 |w 2017-04-19 |y BK | ||